[Event "Deutsche Frauen-Einzelmeisterschaft"]
[Site "Hockenheim/Germany"]
[Date "2009.08.30"]
[Round "9.10"]
[White "Franzenburg, Maria"]
[Black "Gottschall, Ina"]
[Result "1-0"]
[WhiteElo "1803"]
[BlackElo "1693"]
[PlyCount "27"]
[EventDate "2009.??.??"]
[WhiteTeam "SK Doppelbauer Kiel"]
[BlackTeam "USV TU Dresden"]

1. e4 e6 2. d4 d5 3. exd5 exd5 4. c4 Bb4+ 5. Nc3 c5 6. a3 Bxc3+ 7. bxc3 cxd4 8.
Qxd4 Be6 9. Qxg7 Qf6 10. Bh6 dxc4 11. Qf8+ Kd7 12. Rd1+ Kc7 13. Bg7 Nd7 14.
Qd6+ 1-0